| 000 | 00444nam a2200145 a 4500 | ||
|---|---|---|---|
| 001 | 000030993 | ||
| 005 | 20200930062632.0 | ||
| 008 | 110609s1940 dr 000 0 spa d | ||
| 040 |
_aDO-SdBNP _bspa _cBNPHU |
||
| 100 | 1 |
_aRequena, Andrés _957504 |
|
| 245 | 1 | 0 |
_aRomances de puerto Trujillo. / _cAndrés Requena. |
| 260 |
_aSantiago, República Dominicana : _bEditorial del el Diario, _c1940. |
||
| 300 |
_a59 p. : _bil. ; _c28 cm. |
||
| 049 | _aBNPD | ||
| 999 |
_c30485 _d30485 |
||